000 00800nam a22002417a 4500
003 DO-SdBNP
005 20230120124915.0
007 ta
008 210903b2019 dr a|||gr|||| 001 e spa d
020 _a9789945457575
040 _aDO-SdBNP
_bspa
_cBNPHU
082 4 _222
_bC7191h
100 1 _aColón, Hernando
_958852
_d1488
245 1 0 _aHistoria del Almirante /
_cHernando Colón.
260 _aSanto Domingo :
_bSociedad Dominicana de Bibliófilos,
_c2019
300 _a382 p. :
_bil., retr. ;
_c24 cm.
490 _aCultura Dominicana Segunda Época ;
_v88
500 _aIncluye referencias bibliográficas y notas al pie de las páginas.
590 _aInventariado, 2021 /LP
830 _aCultura Dominicana Segunda Época ;
_n88
_979741
910 _aLopérez
942 _2ddc
_cLBS1
999 _c50407
_d50407